Loading...
| Ancient History and Archaeology | 1 | 20.00 | 100% | 100% | 0% |
| Beliefs | 6 | 13.33 | 100% | 33% | 0% |
| British and Commonwealth History | 3 | 6.67 | 67% | 0% | 0% |
| Current Events | 2 | 20.00 | 100% | 100% | 0% |
| Fine Arts - Auditory Fine Arts | 5 | 14.00 | 100% | 40% | 0% |
| Fine Arts - Visual Fine Arts | 3 | 10.00 | 100% | 0% | 0% |
| Geography | 2 | 20.00 | 100% | 50% | 50% |
| History - American History | 5 | 6.00 | 60% | 0% | 0% |
| History - European History | 4 | 12.50 | 100% | 25% | 0% |
| History - World History | 2 | 10.00 | 50% | 50% | 0% |
| Literature - American Literature | 4 | 5.00 | 50% | 0% | 0% |
| Literature - British Literature | 7 | 11.43 | 86% | 29% | 0% |
| Literature - European Literature | 2 | 15.00 | 100% | 0% | 50% |
| Other Arts: Auditory | 1 | 20.00 | 100% | 100% | 0% |
| Other Arts: Visual | 1 | 20.00 | 100% | 100% | 0% |
| Other Science: Astronomy | 1 | 10.00 | 100% | 0% | 0% |
| Other Science: Computer Science | 2 | 10.00 | 100% | 0% | 0% |
| Other Science: Math | 1 | 10.00 | 100% | 0% | 0% |
| Philosophy | 4 | 20.00 | 100% | 75% | 25% |
| Science - Biology | 1 | 20.00 | 100% | 100% | 0% |
| Science - Chemistry | 2 | 5.00 | 50% | 0% | 0% |
| Science - Physics | 5 | 12.00 | 100% | 20% | 0% |
| Social Science | 6 | 16.67 | 100% | 50% | 17% |
| World and Other Literature | 1 | 0.00 | 0% | 0% | 0% |